000 00504nam a2200193Ia 4500
008 220531s9999 xx 000 0 und d
041 _aeng
082 _bMAH
100 _aMaharashtra State Board
_969439
245 _aMathematics And Statistics, Part-2
250 _a1ST
260 _aPune
_bMaharashtra State Board
_c2014
300 _a192
542 _d15-01-2015
551 _aCommerce
_bNon-grant--C
650 _aMathematics
_969440
906 _d2014-2015
_f4221
999 _c38951
_d38951